Quiz Argentina - Vicepresidentes - Estadísticas

Estadísticas generales
  • Esta prueba ha sido intentada 111 veces
    81 desde el último reinicio
  • La puntuación promedio es 14 de 38
Estadísticas de respuestas
Periodo Vicepresidente % Correcto
2019-2023 Cristina Fernández de Kirchner
95%
2023- Victoria Villarruel
95%
2015-2019 Gabriela Michetti
84%
2011-2015 Amado Boudou
81%
1989-1991 Eduardo Duhalde
78%
2007-2011 Julio Cobos
78%
2003-2007 Daniel Scioli
75%
1973-1974 María Estela Martínez
73%
1944-1945 Juan Domingo Perón
71%
1922-1928 Elpidio Martínez
62%
1928-1930 Enrique Martínez
62%
1999-2000 Carlos Álvarez
60%
1932-1938 Julio Pascual Roca
44%
1995-1999 Carlos Ruckauf
42%
1886-1890 Carlos Pellegrini
38%
1938-1942 Ramón Castillo
36%
1973 Vicente Solano Lima
34%
1946-1952 Juan Hortensio Quijano
30%
1904-1906 José Figueroa Alcorta
27%
1910-1914 Victorino de la Plaza
27%
1955-1958 Isaac Rojas
26%
1943-1944 Edelmiro Farrell
25%
1892-1895 José Evaristo Uriburu
23%
1958 Alejandro Gómez
18%
1860-1861 Juan Pedernera
18%
1868-1874 Adolfo Alsina
16%
1963-1966 Carlos Perette
16%
1954-1955 Alberto Teisaire
10%
1862-1868 Marcos Paz
10%
1916-1919 Pelagio Luna
8%
1854-1860 Salvador del Carril
8%
1898-1904 Norberto Costa
5%
1880-1886 Francisco Madero
3%
1945-1946 Juan Pistarini
3%
1874-1880 Mariano Acosta
3%
1943 Sabá Sueyro
3%
1930 Enrique Santamarina
1%
1983-1989 Víctor Córdoba
0%
No se encontraron pruebas coincidentes
Distribución de puntuación
Porcentaje de gente con cada puntuación
Porcentaje por número respondido
Historial de tus puntuaciones
No has intentado esta prueba desde el último reinicio